| 000 | 00472nam a2200181 a 4500 | ||
|---|---|---|---|
| 005 | 20140310183323.0 | ||
| 008 | 060309s19uu xx 00 eng d | ||
| 020 | _a0345412990 | ||
| 050 |
_aPS 3553 _b.C928 1997 |
||
| 100 | _aCrichton, Michael | ||
| 245 |
_aAirframe / _ca novel by Michael Crichton. |
||
| 260 |
_aNew York : _bBallantine Books, _c1997. |
||
| 300 |
_a431 p. : _c19 cm. |
||
| 650 | _aFiction | ||
| 942 |
_cBK _2lcc |
||
| 999 |
_c21446 _d21446 |
||